000 00703na a2200253 4500
001 18134
003 MIRAKIL
005 20181213155001.0
008 161111b tu 000 0
035 _a18134
040 _aMilas
_btur
_cTR-AnCHP
041 _atur
082 _aCHP 324.2372
_bC36b 1936
090 _aCHP 324.2372 C36b 1936
111 _aCHP İl Kongreleri
_d1936
245 _a1936 il kongreleri
_cC.H.P.
260 _aAnkara
_bCHP
_c1937
300 _a415 s.
_c27 sm.
490 _aCumhuriyet Halk Partisi yayınları
610 _aCumhuriyet Halk Partisi (CHP)
_xİl kongreleri, 1936
610 _aCumhuriyet Halk Partisi (CHP)
830 _aCHP yayınları
942 _2ddc
_cBKS
999 _c4318
_d4318